00658 2200241 4500001002100000005001700021008004100038020002200079035002400101082001000125090002200135100001200157245005600169250001800225260003300243300002800276500003100304650002300335850001600358980001400374985000600388999002200394YOGYA-0209000004665620090227031235.0 ind  a978-979-756-278-6 0010-020900000046656 a658.5 a658.5bMuh SlDEP aMUHARDI aStrategi operasi untuk keunggulan bersaingcMuhardi aEd. 1, Cet. 1 aYogyakartabGraha Ilmuc2007 ax, 142 hlmbilusc23 cm aBibliografi : hlm. 135-139 aManajemen produksi aYOPDYOG (M) a6-12-2007 a1 aCB-D.11 2007-534h